000 00732nam a2200241Ia 4500
003 OSt
005 20220923224830.0
006 a|||||r|||| 00| 0
007 ta
008 220922b |||||||| |||| 00| 0 hin d
024 _a251,620
037 _cTextual
040 _aARTS
_cARTS
_bhin
041 _2hin
_ahin
082 _aO152:g(Y), M6;N2
100 _aशर्मा, रामविलास
245 0 _aहिन्दी जाति का इतिहास
246 _aHindī jāti kā itihāsa
260 _c1992
650 _aहिन्दी साहित्य
_9156264
942 _hO152:g(Y), M6;N2
_cTEXL
_2CC
999 _c373956
_d373956